Statystyki dla Top 20 najbardziej wartościowych marek samochodowych na świecie

Kliknij tutaj aby rozwiązać quiz!

Ogólne statystyki

  • Ten quiz został rozwiązany 128 razy
  • Średni wynik to 10 z 20

Statystyki odpowiedzi

WartośćOdpowiedź% Poprawnych
45,8 mldBMW
86%
13,9 mldAudi
85%
6,8 mldFerrari
81%
64,1 mldMercedes-Benz
80%
70,4 mldToyota
77%
10,6 mldVolkswagen
70%
18,7 mldFord
66%
12,2 mldPorsche
58%
27,3 mldHonda
54%
8,1 mldHyundai
46%
10,9 mldKia
42%
14,6 mldNissan
41%
17,9 mldChevrolet
38%
5,8 mldVolvo
37%
16,8 mldTesla
32%
6,3 mldSubaru
26%
7,4 mldLexus
24%
5,9 mldJeep
16%
8,3 mldLand Rover
14%
6,6 mldMini
6%

Rozkład punktacji

Percentyl według liczby udzielonych odpowiedzi

Procent ludzi z każdym wynikiem

Twoja historia wyników

Nie rozwiązałeś tego quizu